| 000 | 01034nam a2200241Ia 4500 | ||
|---|---|---|---|
| 003 | Ost | ||
| 005 | 20260507075009.0 | ||
| 008 | 260507s9999||||xx |||||||||||||| ||und|| | ||
| 020 | _a9957120395 | ||
| 040 | _cfsecg | ||
| 041 | _aara | ||
| 082 | _a658.571 | ||
| 100 |
_aالعتيبي، ضرار _eمؤلف |
||
| 245 | 0 |
_aإدارة المشروعات الانمائية : _bدراسة و تقرير الجدوى / _c ضرار العتيبي |
|
| 260 |
_aعمان: _bدار اليازوري العلمية للنشر, _c2007 |
||
| 300 |
_a208 صفحة؛ _bإيضاحات ؛ _c25 سم |
||
| 504 | _aبيبليوغرافيا: ص.205 | ||
| 520 | _aيضم مبادئ الادارة، تحديد المشروعات الانمائية، دراسة جدوى المشروعات، تشغيل المشروعات الانمائية، تقيم مشاريع التنمية. | ||
| 653 | _aإدارة الأعمال | ||
| 653 | _aدراسة الجدوى | ||
| 700 |
_aالحواري، نضال _eمؤلف ثانوي |
||
| 942 | _cكتاب | ||
| 999 |
_c42147 _d42147 |
||